[Event "4NCL Division 4 South"]
[Site "Reading, ENG"]
[Date "2017.11.11"]
[Round "1.11"]
[White "Ahlander, Bjorn"]
[Black "Dhemrait, Jagdeep"]
[Result "1-0"]
[WhiteElo "2442"]
[BlackElo "1777"]
[PlyCount "69"]
[EventDate "2017.11.11"]
[WhiteTeam "Iceni 1"]
[BlackTeam "Cambridge University 3"]

1. d4 d5 2. c4 c6 3. Nf3 Nf6 4. Nc3 g6 5. Bf4 Bg7 6. e3 O-O 7. h3 Be6 8. Ng5
Nbd7 9. Nxe6 fxe6 10. Be2 Kh8 11. O-O Qe8 12. b4 dxc4 13. Bxc4 Nd5 14. Ne2 N7b6
15. Qb3 Nxc4 16. Qxc4 Qd7 17. Bg3 Nb6 18. Qc2 Rad8 19. Rfd1 Qd5 20. Nf4 Qd7 21.
Rab1 Nd5 22. Nd3 Rf7 23. e4 Nb6 24. Nc5 Qc8 25. Qb3 Rxd4 26. Nxe6 Rd7 27. Ng5
Rf8 28. Nf7+ Rxf7 29. Qxf7 e5 30. Rxd7 Nxd7 31. Rd1 Nf8 32. Qe7 Qe6 33. Qxe6
Nxe6 34. Rd7 b5 35. Re7 1-0

[Event "4NCL Division 4 South"]
[Site "Reading, ENG"]
[Date "2017.11.11"]
[Round "1.12"]
[White "Gallagher, Charles H"]
[Black "Reynolds, D Ian W"]
[Result "0-1"]
[WhiteElo "1690"]
[BlackElo "2015"]
[PlyCount "56"]
[EventDate "2017.11.11"]
[WhiteTeam "Cambridge University 3"]
[BlackTeam "Iceni 1"]

1. e4 e5 2. Nf3 Nc6 3. Bc4 Bc5 4. c3 Nf6 5. d4 exd4 6. cxd4 Bb4+ 7. Nc3 Nxe4 8.
O-O Bxc3 9. bxc3 d5 10. Re1 O-O 11. Bd3 Bf5 12. Qc2 Bg6 13. Bf4 Nd6 14. Bxg6
hxg6 15. Bg5 Qd7 16. h4 Ne4 17. Re3 f6 18. Bf4 Na5 19. Re2 Rfe8 20. Rae1 Nc4
21. Nh2 Qf7 22. Qb1 Nxc3 23. Rxe8+ Rxe8 24. Rxe8+ Qxe8 25. Qxb7 Qe1+ 26. Nf1
Ne2+ 27. Kh2 Nxf4 28. Kg3 Qxf1 0-1

[Event "4NCL Division 4 South"]
[Site "Reading, ENG"]
[Date "2017.11.11"]
[Round "1.14"]
[White "Hizarci, Bora"]
[Black "Szymanski, Mark"]
[Result "0-1"]
[WhiteElo "1512"]
[BlackElo "1915"]
[PlyCount "86"]
[EventDate "2017.11.11"]
[WhiteTeam "Cambridge University 3"]
[BlackTeam "Iceni 1"]

1. d4 d5 2. Bf4 Nf6 3. e3 c5 4. c3 Nc6 5. Bd3 Qb6 6. Qb3 c4 7. Qxb6 axb6 8. Bc2
e6 9. h3 b5 10. Nd2 b4 11. Ne2 b3 12. Bb1 Be7 13. O-O b5 14. Bh2 Bb7 15. f4 O-O
16. f5 b4 17. fxe6 fxe6 18. Bf4 Ra7 19. Bg5 Rfa8 20. Bxf6 gxf6 21. e4 bxa2 22.
Bc2 b3 23. Bd1 Rf8 24. exd5 exd5 25. Nf4 Nd8 26. Bf3 Ra5 27. Rfe1 Bd6 28. Ne6
Nxe6 29. Rxe6 Bf4 30. Re2 Bc8 31. Kf2 Bd7 32. g4 Re8 33. Bg2 Rxe2+ 34. Kxe2 Be8
35. Kd1 Bg6 36. Nf3 Kf7 37. Ne1 Ke6 38. Bf3 Kd6 39. Be2 Ra7 40. Ng2 Bh6 41. Bf3
Re7 42. Be2 Bc2+ 43. Ke1 Bd3 0-1

[Event "4NCL Division 4 South"]
[Site "Reading, ENG"]
[Date "2017.11.11"]
[Round "1.15"]
[White "Botham, C Paul"]
[Black "Nettleton, Robin"]
[Result "1-0"]
[WhiteElo "1962"]
[BlackElo "1278"]
[PlyCount "81"]
[EventDate "2017.11.11"]
[WhiteTeam "Iceni 1"]
[BlackTeam "Cambridge University 3"]

1. c4 g6 2. Nc3 Bg7 3. Nf3 Nf6 4. g3 O-O 5. Bg2 d6 6. O-O Nbd7 7. d3 Nb6 8. Bd2
Bg4 9. h3 Bxf3 10. Bxf3 c6 11. Qb3 Qc7 12. Rac1 e5 13. e4 Nbd7 14. Qc2 Nc5 15.
b4 Ne6 16. Ne2 Rac8 17. Be3 c5 18. a3 a6 19. Qb2 b6 20. Bg2 Nd4 21. Nxd4 exd4
22. Bd2 Nd7 23. f4 Rfe8 24. Kh2 Kh8 25. Rce1 Re7 26. Qb3 Rce8 27. Qa4 Nb8 28.
Rb1 Qd7 29. Qxd7 Nxd7 30. a4 Rb8 31. Rb2 Nf8 32. Rfb1 Re6 33. a5 b5 34. bxc5
dxc5 35. cxb5 axb5 36. Rxb5 Rxb5 37. Rxb5 Rc6 38. e5 Rc8 39. a6 Ne6 40. a7 Nc7
41. Rxc5 1-0

[Event "4NCL Division 4 South"]
[Site "Reading, ENG"]
[Date "2017.11.11"]
[Round "1.16"]
[White "Dhemrait, Manav"]
[Black "Calvert, D Ian"]
[Result "0-1"]
[WhiteElo "1337"]
[BlackElo "1886"]
[PlyCount "72"]
[EventDate "2017.11.11"]
[WhiteTeam "Cambridge University 3"]
[BlackTeam "Iceni 1"]

1. e4 d5 2. exd5 Qxd5 3. Nc3 Qd6 4. Nf3 Nf6 5. Be2 Bf5 6. O-O Nc6 7. d3 e5 8.
Bg5 Be7 9. Nb5 Qd7 10. d4 a6 11. dxe5 axb5 12. exf6 gxf6 13. Be3 b4 14. Qxd7+
Kxd7 15. Rfd1+ Kc8 16. Bd3 Bxd3 17. Rxd3 Ne5 18. Nxe5 fxe5 19. Rd5 f6 20. Rd3
Rd8 21. Rxd8+ Kxd8 22. g3 Kd7 23. Kf1 b6 24. Ke2 c5 25. a3 bxa3 26. Rxa3 Rxa3
27. bxa3 c4 28. Bc1 Kc6 29. Kd2 Bc5 30. Bb2 Bxf2 31. Ke2 Bd4 32. c3 Bc5 33. Kf3
Kd5 34. Ke2 Ke4 35. Ke1 Kd3 36. Kd1 b5 0-1

[Event "4NCL Division 4 South"]
[Site "Reading, ENG"]
[Date "2017.11.11"]
[Round "1.21"]
[White "Singleton, Michael P F"]
[Black "Howell, Matthew G"]
[Result "0-1"]
[WhiteElo "2085"]
[BlackElo "1795"]
[PlyCount "56"]
[EventDate "2017.11.11"]
[WhiteTeam "Surbiton"]
[BlackTeam "Sussex Martlets 3"]

1. d4 f5 2. e4 fxe4 3. f3 Nf6 4. fxe4 Nxe4 5. Bd3 d5 6. Nf3 Bf5 7. O-O e6 8.
Ne5 Nd7 9. Rxf5 exf5 10. Qh5+ g6 11. Nxg6 Ndf6 12. Qxf5 hxg6 13. Qxg6+ Ke7 14.
Nc3 Qd6 15. h3 Rg8 16. Qf5 Nxc3 17. bxc3 Qg3 18. Qf1 Kf7 19. Bf4 Qxh3 20. Re1
Bd6 21. Be5 Qh4 22. Re3 Rae8 23. Rh3 Qg5 24. Bxf6 Qf4 25. Rf3 Qh2+ 26. Kf2 Bg3+
27. Rxg3 Qxg3+ 28. Kg1 Re1 0-1

[Event "4NCL Division 4 South"]
[Site "Reading, ENG"]
[Date "2017.11.11"]
[Round "1.22"]
[White "Coleman, Frederick"]
[Black "Seymour, Timothy P"]
[Result "0-1"]
[WhiteElo "1750"]
[BlackElo "2062"]
[PlyCount "60"]
[EventDate "2017.11.11"]
[WhiteTeam "Sussex Martlets 3"]
[BlackTeam "Surbiton"]

1. g3 d5 2. c4 d4 3. d3 e5 4. Nf3 Nc6 5. Bg2 Nf6 6. Bg5 Be7 7. Bxf6 Bxf6 8.
Nbd2 O-O 9. O-O a5 10. a3 Re8 11. Qc2 Be7 12. b3 f5 13. Kh1 Bc5 14. Ne1 Kh8 15.
Qb2 Ra6 16. Nc2 Rb6 17. Kg1 Qd6 18. Rfb1 Bd7 19. Bxc6 bxc6 20. Qa2 e4 21. Re1
h5 22. f4 Rbb8 23. Qb2 h4 24. Kg2 Qf6 25. Qc1 Bd6 26. Ra2 c5 27. Qd1 Bc6 28.
Kg1 Qg6 29. Nf1 hxg3 30. hxg3 e3 0-1

[Event "4NCL Division 4 South"]
[Site "Reading, ENG"]
[Date "2017.11.11"]
[Round "1.23"]
[White "Faulks, Nick"]
[Black "Woods, Timothy J"]
[Result "1-0"]
[WhiteElo "1920"]
[BlackElo "1642"]
[PlyCount "51"]
[EventDate "2017.11.11"]
[WhiteTeam "Surbiton"]
[BlackTeam "Sussex Martlets 3"]

1. e4 d6 2. Nc3 g6 3. f4 Bg7 4. Nf3 Nf6 5. d3 c5 6. Be3 Nc6 7. Qd2 Rb8 8. h3 b5
9. g4 b4 10. Ne2 Qa5 11. g5 Nh5 12. d4 O-O 13. Kf2 c4 14. Bg2 e5 15. fxe5 dxe5
16. d5 Nd8 17. a3 f5 18. axb4 Qxb4 19. Qxb4 Rxb4 20. Bc5 Rxb2 21. Bxf8 Bxf8 22.
Rhb1 Bc5+ 23. Kf1 Rxb1+ 24. Rxb1 Bb6 25. Nxe5 fxe4 26. Nxc4 1-0

[Event "4NCL Division 4 South"]
[Site "Reading, ENG"]
[Date "2017.11.11"]
[Round "1.24"]
[White "Hedger, Alec"]
[Black "Alcock, Graham P"]
[Result "0-1"]
[WhiteElo "1675"]
[BlackElo "1755"]
[PlyCount "36"]
[EventDate "2017.11.11"]
[WhiteTeam "Sussex Martlets 3"]
[BlackTeam "Surbiton"]

1. e4 d5 2. exd5 Qxd5 3. Nc3 Qd6 4. d4 a6 5. Bc4 Nf6 6. Nge2 Qc6 7. Bb3 Qxg2 8.
Ng3 Bg4 9. Qd3 Nc6 10. Bf4 O-O-O 11. d5 e5 12. Be3 e4 13. Ncxe4 Ne5 14. Qc3
Nf3+ 15. Ke2 Nxe4 16. Nxe4 Ng5+ 17. Kd3 Qxe4+ 18. Kd2 Bb4 0-1

[Event "4NCL Division 4 South"]
[Site "Reading, ENG"]
[Date "2017.11.11"]
[Round "1.25"]
[White "Bussmann, John"]
[Black "Vyse, Callum"]
[Result "1-0"]
[WhiteElo "1685"]
[BlackElo "1660"]
[PlyCount "85"]
[EventDate "2017.11.11"]
[WhiteTeam "Surbiton"]
[BlackTeam "Sussex Martlets 3"]

1. e4 c5 2. Nc3 Nc6 3. f4 e6 4. Nf3 g6 5. g3 Bg7 6. Bg2 Nge7 7. O-O O-O 8. d3
d5 9. e5 Qb6 10. Ne2 c4+ 11. d4 Bd7 12. Rb1 Rac8 13. c3 Qc7 14. g4 b5 15. Ng3
b4 16. Bd2 a5 17. h4 Rb8 18. Qc1 b3 19. a3 f5 20. g5 h6 21. h5 hxg5 22. Nxg5
Bh6 23. hxg6 Nxg6 24. Nh5 Nce7 25. Nf6+ Kg7 26. Qe1 Ng8 27. Nh5+ Kh8 28. Qg3
Bc8 29. Kf2 Re8 30. Rh1 Re7 31. Nf6 Nxf6 32. exf6 Rh7 33. Nxh7 Nxf4 34. Bxf4
Bxf4 35. Ng5+ Kg8 36. f7+ Kf8 37. Rh8+ Ke7 38. Re8+ Kd7 39. Qh4 Bb7 40. Nxe6
Qd6 41. Qxf4 Qxf4+ 42. Nxf4 Rxe8 43. fxe8=Q+ 1-0

[Event "4NCL Division 4 South"]
[Site "Reading, ENG"]
[Date "2017.11.11"]
[Round "1.26"]
[White "Bennett, Max"]
[Black "Moss, Stephen"]
[Result "1/2-1/2"]
[WhiteElo "1630"]
[BlackElo "1732"]
[PlyCount "33"]
[EventDate "2017.11.11"]
[WhiteTeam "Sussex Martlets 3"]
[BlackTeam "Surbiton"]

1. e4 d5 2. exd5 Nf6 3. c4 c6 4. d4 cxd5 5. Nc3 e6 6. Bg5 Be7 7. Nf3 O-O 8. Bd3
b6 9. O-O Bb7 10. Ne5 Nc6 11. Rc1 dxc4 12. Nxc6 Bxc6 13. Bxc4 Nd5 14. Bxd5 Bxd5
15. Bxe7 Qxe7 16. Nxd5 exd5 17. b3 1/2-1/2

[Event "4NCL Division 4 South"]
[Site "Reading, ENG"]
[Date "2017.11.11"]
[Round "1.31"]
[White "Girdlestone, Paul C"]
[Black "Farr, Peter G"]
[Result "1-0"]
[WhiteElo "2053"]
[BlackElo "2215"]
[PlyCount "81"]
[EventDate "2017.11.11"]
[WhiteTeam "Brown Jack 2"]
[BlackTeam "Kent KJCA Kestrels"]

1. e4 e6 2. b3 d5 3. Bb2 Nf6 4. e5 Nfd7 5. f4 c5 6. Nf3 Nc6 7. Bd3 Qb6 8. Nc3
c4 9. Be2 a6 10. Rb1 Qc7 11. bxc4 dxc4 12. O-O b5 13. Qe1 Nc5 14. d4 cxd3 15.
cxd3 Nb4 16. d4 Nd7 17. Rc1 Qb6 18. a3 Nc6 19. Kh1 b4 20. axb4 Bxb4 21. Qg3 O-O
22. d5 Ne7 23. dxe6 fxe6 24. Ng5 Nc5 25. Bf3 Bb7 26. Bxb7 Qxb7 27. Qh3 h6 28.
Nxe6 Rf5 29. Nd4 Rff8 30. f5 Rad8 31. Nce2 Qe4 32. f6 gxf6 33. exf6 Ng6 34.
Qxh6 Rf7 35. Ng3 Qd3 36. Rf3 Bd2 37. Rxd3 Bxh6 38. Rxc5 Rb7 39. Rc2 Ne5 40. Rd1
Ng4 41. Ngf5 1-0

[Event "4NCL Division 4 South"]
[Site "Reading, ENG"]
[Date "2017.11.11"]
[Round "1.32"]
[White "Watson, Jacob"]
[Black "Parker, Francis"]
[Result "1/2-1/2"]
[WhiteElo "1952"]
[BlackElo "1977"]
[PlyCount "81"]
[EventDate "2017.11.11"]
[WhiteTeam "Kent KJCA Kestrels"]
[BlackTeam "Brown Jack 2"]

1. e4 e5 2. Nf3 Nc6 3. Bb5 f5 4. d3 Nf6 5. O-O d6 6. Nbd2 a6 7. Bxc6+ bxc6 8.
Re1 Be7 9. d4 Nxe4 10. Nxe4 fxe4 11. Rxe4 Bf5 12. Re1 e4 13. Nd2 d5 14. f3 exf3
15. Nxf3 O-O 16. Ne5 Bd6 17. Be3 Qh4 18. Bf2 Qf6 19. Bg3 c5 20. c3 Qh6 21. a3
a5 22. b3 Be4 23. Ra2 cxd4 24. cxd4 c5 25. Ng4 Qg6 26. Bxd6 Qxd6 27. Nf2 Rae8
28. Rae2 cxd4 29. Qxd4 Qxa3 30. Re3 Qa2 31. Rg3 Bg6 32. Ra1 Qe2 33. Qxd5+ Kh8
34. Rf1 Qe1 35. Qd1 Qxd1 36. Nxd1 Bc2 37. Nb2 Rxf1+ 38. Kxf1 Rb8 39. Nc4 Rb5
40. Rc3 Bxb3 41. Nxa5 1/2-1/2

[Event "4NCL Division 4 South"]
[Site "Reading, ENG"]
[Date "2017.11.11"]
[Round "1.33"]
[White "Cherupalli, Ramprasad"]
[Black "Watson, Mikey J"]
[Result "0-1"]
[WhiteElo "1967"]
[BlackElo "1960"]
[PlyCount "78"]
[EventDate "2017.11.11"]
[WhiteTeam "Brown Jack 2"]
[BlackTeam "Kent KJCA Kestrels"]

1. Nf3 Nf6 2. c4 c5 3. g3 Nc6 4. Nc3 d6 5. Bg2 Bf5 6. O-O e5 7. d3 Qd7 8. a3
Be7 9. Rb1 a5 10. Ne1 O-O 11. Nc2 Bh3 12. Bg5 Bxg2 13. Kxg2 Ng4 14. Bxe7 Nxe7
15. e4 f5 16. f3 Nf6 17. Qd2 Rae8 18. Ne2 b6 19. b4 axb4 20. axb4 Ng6 21. bxc5
dxc5 22. Nc3 f4 23. Rxb6 Qd8 24. Rfb1 Nh5 25. g4 Qg5 26. Kh1 Nf6 27. Rg1 Rb8
28. Rxb8 Rxb8 29. Nd5 Nh4 30. Ne1 h6 31. Qf2 Nxd5 32. cxd5 Rb5 33. Ng2 Ng6 34.
Rc1 Qe7 35. Qa2 Kh7 36. Qa6 Rb2 37. Ne1 Qh4 38. Ng2 Qh3 39. Rg1 Nh4 0-1

[Event "4NCL Division 4 South"]
[Site "Reading, ENG"]
[Date "2017.11.11"]
[Round "1.34"]
[White "Allison, Conrad"]
[Black "Jamieson, Neil"]
[Result "1-0"]
[WhiteElo "1837"]
[BlackElo "1157"]
[PlyCount "119"]
[EventDate "2017.11.11"]
[WhiteTeam "Kent KJCA Kestrels"]
[BlackTeam "Brown Jack 2"]

1. c4 Nf6 2. g3 g6 3. Bg2 Bg7 4. Nc3 c6 5. e4 d6 6. Nge2 e5 7. O-O O-O 8. f4
Be6 9. d3 Bg4 10. h3 Bxe2 11. Qxe2 Nh5 12. Kh2 Nf6 13. f5 Qe7 14. g4 Nbd7 15.
g5 Nh5 16. f6 Ndxf6 17. gxf6 Nxf6 18. Bg5 h6 19. Be3 Nh5 20. Qg4 Nf6 21. Qe2
Nh5 22. Bf3 Nf6 23. Rf2 b6 24. Raf1 Rab8 25. Bg4 h5 26. Bf3 Rb7 27. Bg5 Qe6 28.
Bxf6 Bxf6 29. Bxh5 Bg7 30. Bg4 Qe7 31. Nd1 Bh6 32. Ne3 Bf4+ 33. Kh1 Kg7 34. Ng2
Qg5 35. Nxf4 exf4 36. Rxf4 Re7 37. Qf2 a5 38. Qxb6 Qc5 39. Qxc5 dxc5 40. Rf6
Rc7 41. Kg2 Rd8 42. R6f3 Re8 43. Kf2 Rb8 44. Rb1 Rf8 45. Ke3 Rd8 46. Rbf1 Rb8
47. b3 Re7 48. Rf6 Rc7 49. h4 Re8 50. h5 Rd8 51. hxg6 fxg6 52. e5 Re8 53. e6
Rce7 54. Rf7+ Kh6 55. Rxe7 Rxe7 56. Rf7 Re8 57. e7 g5 58. Bd7 Kg6 59. Bxe8 Kh5
60. Bxc6 1-0

[Event "4NCL Division 4 South"]
[Site "Reading, ENG"]
[Date "2017.11.11"]
[Round "1.35"]
[White "Tomboline, David"]
[Black "Cook, John"]
[Result "1/2-1/2"]
[WhiteElo "1951"]
[BlackElo "1795"]
[PlyCount "72"]
[EventDate "2017.11.11"]
[WhiteTeam "Brown Jack 2"]
[BlackTeam "Kent KJCA Kestrels"]

1. d4 Nf6 2. Bf4 g6 3. e3 Bg7 4. Be2 d6 5. h3 O-O 6. Nf3 c5 7. c3 Nc6 8. O-O
Be6 9. dxc5 dxc5 10. Nbd2 Qb6 11. Qc2 Rad8 12. Nc4 Bxc4 13. Bxc4 e6 14. Rfd1
Rxd1+ 15. Rxd1 Rd8 16. Rxd8+ Qxd8 17. Bb5 Qb6 18. Be2 Nd5 19. Bg3 Qa5 20. e4
Nf6 21. a3 b5 22. Ne5 Nxe5 23. Bxe5 c4 24. Bd6 Bf8 25. Bf4 Nd7 26. a4 a6 27.
axb5 axb5 28. b3 cxb3 29. Qxb3 Nc5 30. Qxb5 Qxc3 31. f3 Qd4+ 32. Kh2 Bd6 33.
Bxd6 Qxd6+ 34. g3 Qd2 35. Kg1 Qe1+ 36. Kg2 Nb3 1/2-1/2

[Event "4NCL Division 4 South"]
[Site "Reading, ENG"]
[Date "2017.11.11"]
[Round "1.36"]
[White "Brightley-Davies, Ciaran"]
[Black "Bourne, Johnathan D"]
[Result "0-1"]
[WhiteElo "1550"]
[BlackElo "1954"]
[PlyCount "116"]
[EventDate "2017.11.11"]
[WhiteTeam "Kent KJCA Kestrels"]
[BlackTeam "Brown Jack 2"]

1. e4 e5 2. Nf3 Nc6 3. d4 exd4 4. Nxd4 Nf6 5. Nxc6 bxc6 6. e5 Qe7 7. Qe2 Nd5 8.
c4 Ba6 9. Qe4 Nb6 10. Nc3 g6 11. h4 Bg7 12. Bf4 O-O-O 13. Bg5 Qb4 14. Bxd8 Qxb2
15. Rd1 Qxc3+ 16. Rd2 Rxd8 17. Rh3 Qxe5 18. Qxe5 Bxe5 19. c5 Bxf1 20. cxb6 Ba6
21. Ra3 Kb7 22. bxc7 Bxc7 23. Rb2+ Bb6 24. Rf3 Re8+ 25. Kd1 f5 26. g4 Re5 27.
a4 Kc7 28. gxf5 Rxf5 29. Rfb3 Rxf2 30. a5 Rf1+ 31. Kc2 Bxa5 32. Ra3 Rf2+ 33.
Kc1 Rxb2 34. Kxb2 Kb6 35. Rb3+ Bb5 36. Rf3 Bc4 37. Rf4 Be6 38. Rf8 Be1 39. Rh8
h5 40. Rh6 Bf5 41. Kc1 Bxh4 42. Kd1 a5 43. Rh8 Kb7 44. Re8 Bg5 45. Re2 Bg4 46.
Ke1 Bxe2 47. Kxe2 a4 48. Kd1 h4 49. Kc2 Bf6 50. Kb1 h3 51. Ka2 Be7 52. Ka1 h2
53. Ka2 h1=Q 54. Kb2 a3+ 55. Ka2 Qd5+ 56. Kb1 Qd1+ 57. Ka2 Qc2+ 58. Ka1 Qb2#
0-1

[Event "4NCL Division 4 South"]
[Site "Reading, ENG"]
[Date "2017.11.11"]
[Round "1.41"]
[White "Peat, Matthew"]
[Black "Kadambadi, Nikhil"]
[Result "1/2-1/2"]
[WhiteElo "2020"]
[BlackElo "1960"]
[PlyCount "74"]
[EventDate "2017.11.11"]
[WhiteTeam "Poisoned Pawns 2"]
[BlackTeam "Camberley Juniors"]

1. d4 d5 2. c4 e6 3. Nc3 c5 4. cxd5 exd5 5. Nf3 Nc6 6. g3 Nf6 7. Bg2 Be7 8. O-O
O-O 9. Bg5 cxd4 10. Nxd4 h6 11. Be3 Re8 12. Rc1 Bf8 13. Nxc6 bxc6 14. Na4 Bd7
15. Bc5 Bxc5 16. Nxc5 Bg4 17. Re1 Qa5 18. a3 Qb5 19. f3 Bf5 20. b4 Re3 21. Nb3
Qb6 22. Kh1 Rae8 23. Rc5 Nd7 24. Ra5 Bd3 25. Bf1 Bc4 26. Nd4 Ne5 27. Qd2 Nd3
28. Nc2 Nxe1 29. Nxe3 Nxf3 30. exf3 Qxe3 31. Qxe3 Rxe3 32. Bxc4 dxc4 33. Rc5
Rxa3 34. Rxc4 Rb3 35. Rxc6 Rxb4 36. Rc8+ Kh7 37. Rc7 Rb8 1/2-1/2

[Event "4NCL Division 4 South"]
[Site "Reading, ENG"]
[Date "2017.11.11"]
[Round "1.42"]
[White "Isaksen, Peter A"]
[Black "McCorry, Robert T"]
[Result "0-1"]
[WhiteElo "1907"]
[BlackElo "1989"]
[PlyCount "106"]
[EventDate "2017.11.11"]
[WhiteTeam "Camberley Juniors"]
[BlackTeam "Poisoned Pawns 2"]

1. e4 g6 2. d4 Bg7 3. Nf3 d6 4. Be3 Nf6 5. Nbd2 O-O 6. Bc4 Nc6 7. c3 e5 8. O-O
h6 9. h3 Bd7 10. Re1 Qe7 11. Qc2 a6 12. a3 Rae8 13. Rad1 Qd8 14. Nf1 exd4 15.
cxd4 Nxe4 16. Bxh6 Bxh6 17. Rxe4 Bf5 18. Rxe8 Bxc2 19. Rxd8 Rxd8 20. Re1 d5 21.
Ba2 Be4 22. N1d2 Bf5 23. g4 Be6 24. Nb3 b6 25. Kg2 Kf8 26. Nc1 Bg7 27. Ne2 Na5
28. Nf4 Rd6 29. Ng5 Bc8 30. Bxd5 Rxd5 31. Nxd5 Bb7 32. Kg3 Bxd5 33. b4 Nc6 34.
h4 Bxd4 35. h5 gxh5 36. gxh5 Kg7 37. f4 Bb2 38. Rd1 Ne7 39. Kg4 Bxa3 40. f5 f6
41. Nh3 Bxb4 42. Nf4 Bc4 43. Rd7 Bf7 44. Ng6 Bxg6 45. fxg6 Bd6 46. Rd8 a5 47.
Ra8 Bb4 48. Ra7 c6 49. Ra8 b5 50. Ra7 a4 51. Ra8 a3 52. Ra7 Bc5 53. Ra5 Bd6 0-1

[Event "4NCL Division 4 South"]
[Site "Reading, ENG"]
[Date "2017.11.11"]
[Round "1.43"]
[White "McMahon, Paul"]
[Black "Vallis, Nicholas J"]
[Result "1-0"]
[WhiteElo "1964"]
[BlackElo "1735"]
[PlyCount "119"]
[EventDate "2017.11.11"]
[WhiteTeam "Poisoned Pawns 2"]
[BlackTeam "Camberley Juniors"]

1. Nc3 Nf6 2. Nf3 g6 3. d4 Bg7 4. Bg5 d6 5. h3 O-O 6. e4 Nbd7 7. Bd3 c5 8. O-O
cxd4 9. Nxd4 Nc5 10. Re1 b6 11. Bb5 Bb7 12. Bc6 Qc8 13. Nd5 Nxd5 14. exd5 e5
15. Bxb7 Qxb7 16. Nc6 Rfe8 17. c3 e4 18. Re3 Nd3 19. Qb3 f5 20. f3 Nc5 21. Qd1
Nd3 22. Qb3 Nc5 23. Qd1 Nd3 24. Qe2 Nc5 25. Re1 Nd3 26. Rxd3 exd3 27. Qxe8+
Rxe8 28. Rxe8+ Kf7 29. Nd8+ Kxe8 30. Nxb7 Kd7 31. Kf2 h6 32. Bf4 Be5 33. Bxh6
Kc7 34. Nxd6 Kxd6 35. Ke3 Kxd5 36. Kxd3 b5 37. Be3 a6 38. b3 Bf6 39. g4 fxg4
40. hxg4 g5 41. c4+ bxc4+ 42. bxc4+ Kc6 43. Ke4 Be7 44. Kf5 Bc5 45. Bxc5 Kxc5
46. Kxg5 Kxc4 47. f4 Kc3 48. f5 Kb2 49. a4 Kb3 50. f6 Kxa4 51. f7 a5 52. f8=Q
Kb3 53. Qb8+ Kc4 54. Qc7+ Kb4 55. Kf5 a4 56. Ke4 a3 57. Kd4 Kb5 58. Qc4+ Ka5
59. Kc5 a2 60. Qb5# 1-0

[Event "4NCL Division 4 South"]
[Site "Reading, ENG"]
[Date "2017.11.11"]
[Round "1.44"]
[White "Thornley, Oliver"]
[Black "Judkins, Brian D"]
[Result "1/2-1/2"]
[WhiteElo "1652"]
[BlackElo "1762"]
[PlyCount "82"]
[EventDate "2017.11.11"]
[WhiteTeam "Camberley Juniors"]
[BlackTeam "Poisoned Pawns 2"]

1. e4 e5 2. Nf3 Nf6 3. Nc3 Nc6 4. Bb5 Bb4 5. O-O O-O 6. d3 Bxc3 7. bxc3 d6 8.
h3 Ne7 9. Re1 Ng6 10. d4 Qe7 11. Bd3 h6 12. Ba3 c5 13. Bb2 Bd7 14. Qe2 Nf4 15.
Qf1 a6 16. d5 Nh7 17. Bc1 Ng5 18. Bxf4 Nxf3+ 19. gxf3 exf4 20. Kh2 Qe5 21. c4
Qh5 22. Qg2 Rfe8 23. Rg1 g6 24. Rab1 Re5 25. Bf1 Rg5 26. Qh1 Rxg1 27. Kxg1 b5
28. cxb5 axb5 29. Rb2 Ra3 30. Bg2 Qe5 31. Rb3 Rxa2 32. Bf1 Rxc2 33. Qh2 c4 34.
Rb1 g5 35. h4 gxh4 36. Kh1 Qf6 37. Bh3 Bxh3 38. Qxh3 Kh7 39. Rg1 Rxf2 40. Qc8
h5 41. Qg8+ Kh6 1/2-1/2

[Event "4NCL Division 4 South"]
[Site "Reading, ENG"]
[Date "2017.11.11"]
[Round "1.45"]
[White "Ribbands, Patrick C"]
[Black "Wilson, Andrew C"]
[Result "1-0"]
[WhiteElo "1735"]
[BlackElo "1487"]
[PlyCount "63"]
[EventDate "2017.11.11"]
[WhiteTeam "Poisoned Pawns 2"]
[BlackTeam "Camberley Juniors"]

1. c4 e6 2. Nf3 Nf6 3. Nc3 d5 4. e3 c5 5. cxd5 exd5 6. d4 cxd4 7. Nxd4 Bd6 8.
Be2 O-O 9. O-O Be6 10. b3 Nc6 11. Bb2 Nxd4 12. Qxd4 Re8 13. Bf3 Bf8 14. Rfd1
Rc8 15. Qxa7 b6 16. Qa6 Ra8 17. Qd3 Ra5 18. Rd2 Qd7 19. Rad1 Rd8 20. Qe2 Qc8
21. Na4 Qb8 22. Bxf6 gxf6 23. Nc3 Qe5 24. Nb5 Bb4 25. Rd4 Bd6 26. Nxd6 Rxd6 27.
h3 Bd7 28. Qd2 Be6 29. e4 Rc5 30. exd5 Bf5 31. Rc4 Rb5 32. Re1 1-0

[Event "4NCL Division 4 South"]
[Site "Reading, ENG"]
[Date "2017.11.11"]
[Round "1.51"]
[White "Vlcek, Marek"]
[Black "Towers, Nigel S"]
[Result "0-1"]
[WhiteElo "1983"]
[BlackElo "1797"]
[PlyCount "114"]
[EventDate "2017.11.11"]
[WhiteTeam "CSC 2"]
[BlackTeam "CSC 3"]

1. d4 Nf6 2. Nf3 e6 3. e3 c5 4. Bd3 b6 5. Nbd2 Bb7 6. O-O Be7 7. b3 O-O 8. c4
d5 9. Bb2 Nbd7 10. Ne5 Ne4 11. cxd5 exd5 12. Ndf3 Ndf6 13. Rc1 Rc8 14. Qe2 Rc7
15. dxc5 Nxc5 16. Bb1 Ba6 17. Nd3 Nfe4 18. Rfd1 Bf6 19. Nd4 Qd7 20. b4 Nxd3 21.
Bxd3 Bxd3 22. Qxd3 Rfc8 23. Rxc7 Rxc7 24. Qb3 a6 25. f3 Ng5 26. b5 a5 27. Nc6
Qe8 28. Bxf6 gxf6 29. Rxd5 Rd7 30. e4 Rxd5 31. Qxd5 Qf8 32. Qd4 Ne6 33. Qxf6
Qc5+ 34. Kf1 Qxb5+ 35. Kf2 Qxc6 36. h4 Qc5+ 37. Kg3 Qh5 38. Kf2 Qc5+ 39. Kg3
Qe3 40. Qe5 Qc5 41. Qb8+ Kg7 42. Kh3 Qc7 43. Qe8 Nf4+ 44. Kh2 Ne2+ 45. e5 Nf4
46. Kg3 Ng6 47. f4 Qe7 48. Qa4 Qxh4+ 49. Kf3 Nxe5+ 50. Ke4 Ng6 51. Kf5 Qh5+ 52.
Ke4 Qe2+ 53. Kd5 Qxg2+ 54. Kd6 Qd2+ 55. Kc6 Qxf4 56. Qb3 Qf6+ 57. Kb5 h5 0-1

[Event "4NCL Division 4 South"]
[Site "Reading, ENG"]
[Date "2017.11.11"]
[Round "1.52"]
[White "Homolka, Vincent"]
[Black "Lawson, Maurice E"]
[Result "1/2-1/2"]
[WhiteElo "1779"]
[BlackElo "1953"]
[PlyCount "51"]
[EventDate "2017.11.11"]
[WhiteTeam "CSC 3"]
[BlackTeam "CSC 2"]

1. e4 c6 2. d4 d5 3. Nc3 dxe4 4. Nxe4 Bf5 5. Ng3 Bg6 6. N1e2 e6 7. Nf4 Bd6 8.
h4 Qc7 9. h5 Bxf4 10. Bxf4 Qxf4 11. hxg6 fxg6 12. Bc4 Nd7 13. Bxe6 O-O-O 14.
Qd2 Qxd2+ 15. Kxd2 Ngf6 16. Rae1 Kc7 17. Kc1 Rhf8 18. f3 Nb6 19. c3 Nbd5 20.
Bxd5 Rxd5 21. Ne4 Nxe4 22. Rxe4 h5 23. Re7+ Rd7 24. Rhe1 Kd8 25. Rxd7+ Kxd7 26.
Kd2 1/2-1/2

[Event "4NCL Division 4 South"]
[Site "Reading, ENG"]
[Date "2017.11.11"]
[Round "1.53"]
[White "Vachtfeidl, Petr"]
[Black "Makkar, Rajat"]
[Result "1-0"]
[WhiteElo "1927"]
[BlackElo "1677"]
[PlyCount "95"]
[EventDate "2017.11.11"]
[WhiteTeam "CSC 2"]
[BlackTeam "CSC 3"]

1. d4 Nf6 2. c4 c5 3. d5 e6 4. Nc3 exd5 5. cxd5 d6 6. e4 g6 7. Bd3 Bg7 8. h3
O-O 9. Nf3 a6 10. a4 Nbd7 11. O-O Rb8 12. Re1 Ne8 13. Bf4 Qe7 14. Qd2 Nc7 15.
a5 b5 16. axb6 Rxb6 17. Na4 Rb8 18. Bh6 Bxh6 19. Qxh6 Ne5 20. Nxe5 Qxe5 21. Qe3
Bd7 22. f4 Qg7 23. Nc3 Rxb2 24. e5 Rb3 25. Bc4 Rb4 26. Bxa6 Re8 27. Bf1 Rb3 28.
Bc4 Rb4 29. Ra7 Rc8 30. Ba6 Nxa6 31. Rxd7 dxe5 32. fxe5 Rb3 33. Rf1 Re8 34.
Rfxf7 Qxe5 35. Rg7+ Kh8 36. Rxh7+ Kg8 37. Rhg7+ Qxg7 38. Qxe8+ Kh7 39. Rxg7+
Kxg7 40. Qe5+ Kh7 41. Ne4 c4 42. Ng5+ Kg8 43. Qe8+ Kg7 44. Qf7+ Kh6 45. Ne6
Rb1+ 46. Kh2 Rb2 47. Qf8+ Kh5 48. Qh8# 1-0

[Event "4NCL Division 4 South"]
[Site "Reading, ENG"]
[Date "2017.11.11"]
[Round "1.54"]
[White "Cresswell, Mike J"]
[Black "Fowler, David"]
[Result "1/2-1/2"]
[WhiteElo "1700"]
[BlackElo "1918"]
[PlyCount "99"]
[EventDate "2017.11.11"]
[WhiteTeam "CSC 3"]
[BlackTeam "CSC 2"]

1. e4 c6 2. d4 d5 3. Nc3 dxe4 4. Nxe4 Nd7 5. c3 Ngf6 6. Bd3 Nxe4 7. Bxe4 Nf6 8.
Bc2 Bg4 9. f3 Bh5 10. Ne2 Bg6 11. Nf4 e6 12. Be3 Bd6 13. Bxg6 hxg6 14. Qc2 Qc7
15. O-O-O Nd5 16. Nxd5 cxd5 17. g3 Qc4 18. Kb1 Rc8 19. Bf4 Be7 20. Qd3 b5 21.
Qxc4 Rxc4 22. h4 Kd7 23. Be5 f6 24. Bf4 b4 25. cxb4 Bxb4 26. Rc1 Rxc1+ 27. Rxc1
Ba5 28. Be3 Bb6 29. Bg1 Rh5 30. Kc2 g5 31. hxg5 Rh3 32. gxf6 gxf6 33. b4 Rxg3
34. a4 Rxf3 35. a5 Bc7 36. Rb1 Rg3 37. Kd2 a6 38. Ke2 Ra3 39. Be3 Bd6 40. Bd2
Ra2 41. Kd3 e5 42. dxe5 fxe5 43. Be1 Ra3+ 44. Kc2 e4 45. b5 axb5 46. Rxb5 d4
47. Rd5 Re3 48. Bb4 d3+ 49. Kd1 Re2 50. Rxd6+ 1/2-1/2